| 000 | 01168nam a2200301Ia 4500 | ||
|---|---|---|---|
| 001 | ebr10696136 | ||
| 003 | CaPaEBR | ||
| 006 | m u | ||
| 007 | cr cn||||||||| | ||
| 008 | 960206s1995 enk sb 000 0 eng d | ||
| 020 | _z1872870309 (pbk) | ||
| 020 | _z9781872870304 | ||
| 020 | _z9781906534493 | ||
| 040 |
_aCaPaEBR _cCaPaEBR |
||
| 035 | _a(OCoLC)666893273 | ||
| 050 | 1 | 4 |
_aHV6166 _b.D4 1995eb |
| 100 | 1 | _aDevlin, Angela. | |
| 245 | 1 | 0 |
_aCriminal classes _h[electronic resource] : _boffenders at school / _cAngela Devlin. |
| 260 |
_aWinchester : _bWaterside, _c1995. |
||
| 300 | _a189 p. | ||
| 504 | _aIncludes bibliographical references. | ||
| 533 |
_aElectronic reproduction. _bPalo Alto, Calif. : _cebrary, _d2013. _nAvailable via World Wide Web. _nAccess may be limited to ebrary affiliated libraries. |
||
| 650 | 0 |
_aEducation and crime _zGreat Britain _xCase studies. |
|
| 650 | 0 |
_aChildren _zGreat Britain _xSocial conditions _xCase studies. |
|
| 655 | 7 |
_aElectronic books. _2local |
|
| 710 | 2 | _aebrary, Inc. | |
| 856 | 4 | 0 |
_uhttp://site.ebrary.com/lib/rucke/Doc?id=10696136 _zAn electronic book accessible through the World Wide Web; click to view |
| 999 |
_c8611 _d8611 |
||